Tous les cantons de l'Ardèche sur une carte - Statistiques

Statistiques générales
  • Ce quiz a été pris 112 fois
  • Le résultat moyen est 10 sur 17
Réponses sur la Carte
Les réponses sont colorées sur une échelle allant du rouge au vert en fonction du pourcentage des utilisateurs qui les ont devinées à leur premier essai. Vous pouvez retrouver ces pourcentages ci-dessous.
 
Statistiques - réponses
Canton % Correct
Privas
98%
Annonay-1
89%
Annonay-2
89%
Aubenas-1
89%
Aubenas-2
89%
Tournon-sur-Rhône
84%
Guilherand-Granges
60%
Vallon-Pont-d'Arc
54%
Bourg-Saint-Andéol
53%
La Voulte-sur-Rhône
51%
Le Teil
51%
Le Pouzin
46%
Le Cheylard
42%
Les Vans
42%
Lamastre
30%
Thueyts
25%
Sarras
16%
Aucun quiz correspondant
Distribution des résultats
% des personnes avec chaque résultat
Percentile par nombre de réponses
Votre historique - résultats
Vous n’avez pas pris ce quiz